Puzzle Madness - U.S. States - Statistics

General Stats
  • This quiz has been taken 25 times
  • The average score is 9 of 12
Answers on the Map
Answers color-coded by a green-red scale on the quiz's map according to % correct below.
 
Answer Stats
Answer % Correct
Texas
100%
Arizona
83%
Tennessee
83%
Pennsylvania
78%
Utah
78%
Vermont
78%
Wisconsin
78%
Connecticut
74%
South Dakota
74%
Oregon
61%
Ohio
57%
Kansas
52%
No matching quizzes found
Score Distribution
Percent of People with Each Score
Percentile by Number Answered
Your Score History
You have not taken this quiz